Guess The Strait From Satellite Images - Statistics

General Stats
  • This quiz has been taken 12 times
  • The average score is 9 of 17
Answer Stats
Picture Answer % Correct
Strait of Gibraltar
100%
Strait of Hormuz
90%
Bosphorus Strait
80%
Strait of Malacca
80%
Strait of Magellan
70%
Strait of Messina
70%
Bering Strait
60%
Taiwan Strait
60%
Dardanelles Strait
50%
Strait of Dover
50%
Kerch Strait
40%
Bab-el-Mandeb Strait
30%
Cook Strait
30%
Øresund Strait
20%
Great Belt Strait
10%
Little Belt
10%
Palk Strait
10%
No matching quizzes found
Score Distribution
Percent of People with Each Score
Percentile by Number Answered
Your Score History
You have not taken this quiz